[Event "Wch U14"]
[Site "Montevideo"]
[Date "2017.09.26"]
[Round "11"]
[White "Abdilkhair, Abilmansur"]
[Black "Torres Rivas, Felipe de Jesus"]
[Result "1/2-1/2"]
[WhiteElo "1968"]
[BlackElo "1652"]
[PlyCount "91"]
[EventDate "2017.09.17"]
[EventType "swiss"]
[EventRounds "11"]
[EventCountry "URU"]
[SourceTitle "EXT 2018"]
[Source "ChessBase"]
[SourceDate "2017.10.13"]
[SourceVersion "1"]
[SourceVersionDate "2017.10.13"]
[SourceQuality "1"]

1. e4 c5 2. g3 Nc6 3. Bg2 e6 4. Ne2 Nf6 5. 0-0 Qc7 6. c3 Be7 7. d4 cxd4 8. cxd4 d6 9. Nbc3 a6 10. Bg5 h6 11. Be3 0-0 12. Rc1 Qb8 13. Na4 Bd8 14. d5 exd5 15. exd5 Ne5 16. Nb6 Bxb6 17. Bxb6 Ne8 18. f4 Nd7 19. Bd8 Kh8 20. Bh3 f5 21. Nd4 Ndf6 22. Re1 Nxd5 23. Rxc8 Qxc8 24. Ne6 Nef6 25. Nxf8 Qxd8 26. Ng6+ Kg8 27. Bxf5 Qb6+ 28. Kg2 Ne3+ 29. Rxe3 Qxe3 30. Qxd6 Qe2+ 31. Kh3 Re8 32. Qb4 Qf1+ 33. Kh4 Qd1 34. Qc4+ Qd5 35. Qc2 Qf3 36. Kh3 Qf1+ 37. Kh4 Qf3 38. Qc4+ Qd5 39. Qc2 Qf3 40. g4 Qh1 41. Qc4+ Qd5 42. Qa4 Qd6 43. Qc4+ Qd5 44. Qa4 Qd2 45. Qxe8+ Nxe8 46. Be6+ 1/2-1/2

[Event "Wch U14"]
[Site "Montevideo"]
[Date "2017.09.20"]
[Round "5"]
[White "Torres Rivas, Felipe de Jesus"]
[Black "Cohen Revivo, Shoham"]
[Result "0-1"]
[WhiteElo "1652"]
[BlackElo "2188"]
[PlyCount "69"]
[EventDate "2017.09.17"]
[EventType "swiss"]
[EventRounds "11"]
[EventCountry "URU"]
[SourceTitle "CBM 180 Extra"]
[Source "ChessBase"]
[SourceDate "2017.10.06"]
[SourceVersion "1"]
[SourceVersionDate "2017.10.06"]
[SourceQuality "1"]

1. d4 Nf6 2. c4 c5 3. Nf3 cxd4 4. Nxd4 e5 5. Nb3 d5 6. cxd5 Qxd5 7. Qc2 Nc6 8. Nc3 Nb4 9. Qb1 Qd8 10. e4 Be7 11. Be2 Be6 12. Be3 0-0 13. Nc5 Qc8 14. Nxe6 Qxe6 15. 0-0 a6 16. a3 Nc6 17. Rd1 Rfd8 18. Bf3 Nd4 19. Bxd4 exd4 20. Nd5 Bd6 21. Qd3 Be5 22. g3 Nd7 23. b4 g5 24. Bg2 g4 25. Rf1 Rac8 26. f4 gxf3 27. Rxf3 Bg7 28. Rf5 Ne5 29. Qf1 Rc2 30. Rh5 Ng4 31. Rd1 Rxd5 32. Rxd5 Ne3 33. Rd8+ Bf8 34. Qf3 Rxg2+ 35. Kh1 0-1

[Event "Wch U14"]
[Site "Montevideo"]
[Date "2017.09.17"]
[Round "1"]
[White "Torres Rivas, Felipe de Jesus"]
[Black "Mis, Mieszko"]
[Result "0-1"]
[WhiteElo "1652"]
[BlackElo "2245"]
[PlyCount "64"]
[EventDate "2017.09.17"]
[EventType "swiss"]
[EventRounds "11"]
[EventCountry "URU"]
[SourceTitle "CBM 180 Extra"]
[Source "ChessBase"]
[SourceDate "2017.10.06"]
[SourceVersion "1"]
[SourceVersionDate "2017.10.06"]
[SourceQuality "1"]

1. d4 Nf6 2. g3 c5 3. d5 e6 4. c4 exd5 5. cxd5 d6 6. Nc3 g6 7. Bg2 Bg7 8. Nf3 0-0 9. 0-0 a6 10. a4 Nbd7 11. e4 Rb8 12. Bf4 Qe7 13. Re1 Nh5 14. Bd2 b5 15. axb5 axb5 16. Qc2 b4 17. Nd1 Nb6 18. Ne3 Re8 19. Nf1 f5 20. Bg5 Qf7 21. N3d2 h6 22. Be3 f4 23. gxf4 Nxf4 24. f3 b3 25. Nxb3 Nbxd5 26. exd5 Bf5 27. Qd1 Nd3 28. Re2 Nxb2 29. Rxb2 Bxb2 30. Ra2 Bg7 31. Na5 Rb1 32. Qd2 Rxe3 0-1

[Event "Pan American-ch U12"]
[Site "Cali"]
[Date "2015.07.02"]
[Round "7"]
[White "Torres Rivas, Felipe de Jesus"]
[Black "Garcia Rivero, Andy Anibal"]
[Result "1-0"]
[WhiteElo "1454"]
[BlackElo "1862"]
[PlyCount "43"]
[EventDate "2015.06.28"]
[EventType "swiss"]
[EventRounds "9"]
[EventCountry "COL"]
[SourceTitle "EXT 2016"]
[Source "ChessBase"]
[SourceDate "2015.10.08"]
[SourceVersion "1"]
[SourceVersionDate "2015.10.08"]
[SourceQuality "1"]

1. d4 Nf6 2. g3 g6 3. Bg2 Bg7 4. c4 0-0 5. Nf3 d6 6. 0-0 Nbd7 7. Nc3 c5 8. d5 Rb8 9. e4 a6 10. Qe2 b5 11. e5 dxe5 12. Nxe5 Nxe5 13. Qxe5 Bf5 14. Qe2 Qd7 15. Bf4 bxc4 16. Bxb8 Bd3 17. Qe5 Bxf1 18. Kxf1 Qb7 19. Bc7 Ne8 20. Qxe7 Qxb2 21. Rd1 Qxc3 22. d6 1-0

[Event "Pan American-ch U12"]
[Site "Cali"]
[Date "2015.07.01"]
[Round "6"]
[White "Nakada, Akira W"]
[Black "Torres Rivas, Felipe de Jesus"]
[Result "1-0"]
[WhiteElo "1983"]
[BlackElo "1454"]
[PlyCount "33"]
[EventDate "2015.06.28"]
[EventType "swiss"]
[EventRounds "9"]
[EventCountry "COL"]
[SourceTitle "EXT 2016"]
[Source "ChessBase"]
[SourceDate "2015.10.08"]
[SourceVersion "1"]
[SourceVersionDate "2015.10.08"]
[SourceQuality "1"]

1. d4 d5 2. c4 e6 3. Nc3 Nf6 4. Bg5 Nbd7 5. e3 Be7 6. Nf3 c5 7. Bd3 0-0 8. 0-0 b6 9. cxd5 exd5 10. Ne2 Bb7 11. Rc1 Ng4 12. Bxe7 Qxe7 13. Nf4 f5 14. dxc5 Nxc5 15. Bb1 Rad8 16. Nxd5 g5 17. Rc3 1-0

[Event "Pan American-ch U12"]
[Site "Cali"]
[Date "2015.06.30"]
[Round "4"]
[White "Rojas, Steven"]
[Black "Torres Rivas, Felipe de Jesus"]
[Result "1-0"]
[WhiteElo "1742"]
[BlackElo "1454"]
[PlyCount "46"]
[EventDate "2015.06.28"]
[EventType "swiss"]
[EventRounds "9"]
[EventCountry "COL"]
[SourceTitle "EXT 2016"]
[Source "ChessBase"]
[SourceDate "2015.10.08"]
[SourceVersion "1"]
[SourceVersionDate "2015.10.08"]
[SourceQuality "1"]

1. e4 e5 2. Nf3 Nc6 3. d4 exd4 4. Nxd4 d6 5. Nxc6 bxc6 6. Bc4 Nf6 7. Nc3 Be7 8. Be3 Bb7 9. Qf3 c5 10. 0-0-0 Qb8 11. g4 0-0 12. Qg2 Bc6 13. Rdg1 Qb7 14. f3 Qb4 15. Bb3 c4 16. a3 Qb7 17. Bxc4 Rab8 18. Bb3 g6 19. h4 a5 20. a4 Bd7 21. e5 dxe5 22. g5 Bc6 23. gxf6 Bxf6 1-0

[Event "Pan American-ch U12"]
[Site "Cali"]
[Date "2015.06.29"]
[Round "2"]
[White "Lozano Berrospi, Edwin"]
[Black "Torres Rivas, Felipe de Jesus"]
[Result "0-1"]
[WhiteElo "1807"]
[BlackElo "1454"]
[PlyCount "25"]
[EventDate "2015.06.28"]
[EventType "swiss"]
[EventRounds "9"]
[EventCountry "COL"]
[SourceTitle "EXT 2016"]
[Source "ChessBase"]
[SourceDate "2015.10.08"]
[SourceVersion "1"]
[SourceVersionDate "2015.10.08"]
[SourceQuality "1"]

1. e4 e5 2. Nf3 Nc6 3. Bc4 Bc5 4. d3 h6 5. c3 Nf6 6. h3 0-0 7. Be3 Bb6 8. g4 d5 9. Bxb6 dxc4 10. Bc5 Re8 11. dxc4 Qxd1+ 12. Kxd1 Nxe4 13. Be3 0-1

[Event "Pan American-ch U12"]
[Site "Oaxtepec"]
[Date "2014.07.15"]
[Round "8"]
[White "Lopez, Vicente"]
[Black "Torres Rivas, Felipe de Jesus"]
[Result "1/2-1/2"]
[WhiteElo "1678"]
[BlackElo "1425"]
[PlyCount "97"]
[EventDate "2014.07.11"]
[EventType "swiss"]
[EventRounds "9"]
[EventCountry "MEX"]
[SourceTitle "EXT 2022"]
[Source "ChessBase"]
[SourceDate "2021.10.06"]
[SourceVersion "1"]
[SourceVersionDate "2021.10.06"]
[SourceQuality "1"]

1. e4 c5 2. Nf3 Nc6 3. d4 cxd4 4. Nxd4 d6 5. Nc3 Nf6 6. Bc4 g6 7. f3 Bg7 8. Bb3 Bd7 9. Be3 Rc8 10. Qd2 a6 11. 0-0 0-0 12. Kh1 Nxd4 13. Bxd4 Qa5 14. Rfd1 Qh5 15. Re1 Bh6 16. Be3 Bxe3 17. Qxe3 Qc5 18. Qd3 Rfd8 19. Rac1 Be6 20. Qe3 Qxe3 21. Rxe3 Rd7 22. Rce1 Rcd8 23. Nd5 Kg7 24. h3 b6 25. Nxf6 Kxf6 26. Rd1 d5 27. exd5 Bxd5 28. Red3 Bc6 29. Rxd7 Rxd7 30. Rxd7 Bxd7 31. Kg1 Ke5 32. Kf2 Kd4 33. Ke2 Bb5+ 34. Kf2 Bc4 35. c3+ Kd3 36. Bxc4+ Kxc4 37. Ke3 b5 38. Kd2 f5 39. b3+ Kd5 40. Ke3 e5 41. g3 a5 42. f4 e4 43. g4 h5 44. gxf5 gxf5 45. h4 a4 46. Kd2 axb3 47. axb3 Kc5 48. Ke3 Kd5 49. Ke2 1/2-1/2

[Event "Wch U10"]
[Site "Al Ain"]
[Date "2013.12.27"]
[Round "10"]
[White "Torres Rivas, Felipe de Jesus"]
[Black "Horvath, Dominik"]
[Result "0-1"]
[WhiteElo "1376"]
[BlackElo "1882"]
[PlyCount "42"]
[EventDate "2013.12.18"]
[EventType "swiss"]
[EventRounds "11"]
[EventCountry "UAE"]
[SourceTitle "CBM 158 Extra"]
[Source "ChessBase"]
[SourceDate "2014.02.28"]
[SourceVersion "1"]
[SourceVersionDate "2014.02.28"]
[SourceQuality "1"]

1. d4 Nf6 2. c4 c5 3. d5 b5 4. cxb5 a6 5. Nc3 axb5 6. Nxb5 d6 7. Bd2 g6 8. Nc3 Bg7 9. e4 Nbd7 10. Bb5 Ba6 11. Bc6 Rb8 12. Qa4 Qc8 13. Nge2 0-0 14. b3 Ne5 15. 0-0 Rb4 16. Qa3 Nxe4 17. Nxe4 Rxe4 18. Nc3 Rd4 19. Rfd1 Rg4 20. Kh1 h6 21. f4 Nd3 0-1

[Event "Wch U10"]
[Site "Al Ain"]
[Date "2013.12.21"]
[Round "4"]
[White "Torres Rivas, Felipe de Jesus"]
[Black "Stoyanov, Tsvetan"]
[Result "0-1"]
[WhiteElo "1376"]
[BlackElo "1765"]
[PlyCount "82"]
[EventDate "2013.12.18"]
[EventType "swiss"]
[EventRounds "11"]
[EventCountry "UAE"]
[SourceTitle "CBM 158 Extra"]
[Source "ChessBase"]
[SourceDate "2014.02.28"]
[SourceVersion "1"]
[SourceVersionDate "2014.02.28"]
[SourceQuality "1"]

1. d4 Nf6 2. c4 e6 3. Nc3 Bb4 4. Bd2 0-0 5. e3 b6 6. Be2 Bb7 7. Bf3 Nc6 8. a3 Bxc3 9. Bxc3 d5 10. Qb3 Ne7 11. Bb4 a5 12. Bxe7 Qxe7 13. Ne2 Rfe8 14. c5 Nd7 15. Rc1 Ba6 16. cxb6 Nxb6 17. Qc3 Rec8 18. 0-0 a4 19. Rfe1 Nc4 20. e4 c6 21. exd5 cxd5 22. Ng3 Qb7 23. Rb1 Rab8 24. Be2 Nxb2 25. Bxa6 Qxa6 26. Qd2 Nc4 27. Qd3 Qd6 28. Nh5 Qxa3 29. Qe2 g6 30. Qg4 Qd3 31. Rxb8 Rxb8 32. Nf6+ Kg7 33. Nh5+ Kf8 34. Nf4 Qf5 35. Qg3 Rb1 36. Kf1 Rxe1+ 37. Kxe1 Qb1+ 38. Ke2 Qe4+ 39. Kd1 Qxd4+ 40. Ke2 Qd2+ 41. Kf3 Ne5# 0-1

[Event "Pan American-ch U10 24th"]
[Site "Pocos de Caldas"]
[Date "2013.07.27"]
[Round "3.7"]
[White "Camara, Mejia Jhon Joseph"]
[Black "Torres Rivas, Felipe de Jesus"]
[Result "0-1"]
[WhiteElo "1671"]
[BlackElo "1339"]
[PlyCount "94"]
[EventDate "2013.07.25"]
[EventType "swiss"]
[EventRounds "9"]
[EventCountry "BRA"]
[SourceTitle "EXT 2016"]
[Source "ChessBase"]
[SourceDate "2015.10.08"]
[SourceVersion "1"]
[SourceVersionDate "2015.10.08"]
[SourceQuality "1"]

1. e4 e5 2. Nf3 Nc6 3. Bc4 Nf6 4. Ng5 d5 5. exd5 Na5 6. Bb5+ c6 7. dxc6 bxc6 8. Qf3 Qd5 9. Qxd5 Nxd5 10. Nc3 Nxc3 11. Bxc6+ Nxc6 12. dxc3 Bf5 13. Kd1 Rd8+ 14. Bd2 Be7 15. Nf3 e4 16. Nd4 Nxd4 17. cxd4 Rxd4 18. c3 Rd7 19. Ke2 0-0 20. Be3 Rfd8 21. b4 Bf6 22. Rac1 h6 23. c4 Bd4 24. Rhf1 Bxe3 25. fxe3 Rd2+ 26. Ke1 Bg4 27. c5 Rd1+ 28. Rxd1 Rxd1+ 29. Kf2 Rxf1+ 30. Kxf1 Bd7 31. Ke2 Kf8 32. Kd2 a6 33. Kc3 Ke7 34. Kd4 Bc6 35. a3 Ke6 36. g4 f5 37. gxf5+ Kxf5 38. h3 g5 39. Kc3 h5 40. Kd2 g4 41. hxg4+ Kxg4 42. Ke2 Kg3 43. Kd2 h4 44. Ke2 Kg2 45. Kd2 h3 46. Ke2 h2 47. Kd2 h1Q 0-1